MARC

LEADER 00000nam0a2200000 4500
001 115143
005 20231031122457.0
010 |a 5030008497 
020 |a RU  |b 89-39945 
035 |a (RuTPU)RU\TPU\book\124526 
090 |a 115143 
100 |a 20070503d1989 m y0rusy5003 ca 
101 1 |a rus  |c eng 
102 |a RU 
105 |a y z 001zy 
200 1 |a Теория пересечений  |e пер. с англ.  |f У. Фултон 
210 |a Москва  |c Мир  |d 1989 
215 |a 581 с. 
320 |a Библиогр.: с. 543-565. 
320 |a Предм. указ.: с. 568-576. 
610 1 |a теория пересечений 
610 1 |a рациональная эквивалентность 
610 1 |a дивизоры 
610 1 |a векторные расслоения 
610 1 |a классы Чженя 
610 1 |a классы Сегре 
610 1 |a произведения-пересечения 
610 1 |a кратности пересечений 
610 1 |a семейства алгебраических циклов 
610 1 |a положительность 
610 1 |a множества вырождения 
610 1 |a грассманианы 
610 1 |a теорема Римана-Роха 
610 1 |a соответствия 
610 1 |a бивариантная теория 
610 1 |a обобщения 
610 1 |a алгебра 
675 |a 512.7  |v 3 
700 1 |a Фултон  |b У.  |g Уильям  |4 070 
801 0 |a RU  |b RuMRKP  |c 19950417  |g psbo 
801 1 |a RU  |b 63413507  |c 20070503  |g PSBO 
801 2 |a RU  |b 63413507  |c 20080505  |g PSBO 
942 |c BK